Transnational women's activism : the United States, Japan, and Japanese immigrant communities in California, 1859-1920 /

Bibliographic Details
Main Author: Yasutake, Rumi, 1958-
Format: Book
Language:English
Published: New York : New York University Press, [2004]
Subjects:

MARC

Tag First Indicator Second Indicator Subfields
LEADER 00000pam a2200000 a 4500
001 in00002000247
005 20151031123642.0
008 040406s2004 nyua b 001 0 eng
010 |a  2004007944 
020 |a 0814797032 (cloth : alk. paper) 
035 |a (OCoLC)ocm54966384 
040 |a DLC  |c DLC  |d TXA  |d UtOrBLW 
042 |a pcc 
043 |a a-ja---  |a n-us-ca 
049 |a TXAM 
050 0 0 |a HV5247.J3  |b Y37 2004 
082 0 0 |a 363.4/1/095209034  |2 22 
100 1 |a Yasutake, Rumi,  |d 1958- 
245 1 0 |a Transnational women's activism :  |b the United States, Japan, and Japanese immigrant communities in California, 1859-1920 /  |c Rumi Yasutake. 
264 1 |a New York :  |b New York University Press,  |c [2004] 
264 4 |c ©2004 
300 |a x, 185 pages :  |b illustrations ;  |c 24 cm. 
336 |a text  |b txt  |2 rdacontent 
337 |a unmediated  |b n  |2 rdamedia 
338 |a volume  |b nc  |2 rdacarrier 
504 |a Includes bibliographical references and index. 
505 0 |a Tilling the ground -- Sprouting feminist consciousness -- Managing WCTU activism in the Japanese way in Late Meiji Japan -- Beyond Japan to California. 
610 2 0 |a Woman's Christian Temperance Union. 
650 0 |a Women social reformers  |z Japan. 
650 0 |a Women social reformers  |z California. 
650 0 |a Women missionaries  |z Japan. 
650 0 |a Women in church work  |z Japan. 
650 0 |a Women in church work  |z California. 
650 0 |a Women  |z Japan  |x Social conditions  |y 19th century. 
650 0 |a Women  |z Japan  |x Social conditions  |y 20th century. 
650 0 |a Japanese  |z California  |x Social conditions  |y 19th century. 
650 0 |a Japanese  |z California  |x Social conditions  |y 20th century. 
948 |a cataloged  |b h  |c 2004/10/18  |d c  |e dmitchel  |f 8:50:40 am 
994 |a E0  |b TXA 
999 |a MARS 
999 f f |s 76c9ee37-7945-373e-ba6c-39d27dd06b1a  |i 9e7edc95-0d00-3d65-99d6-592e41449d64  |t 0 
952 f f |p ric  |a Texas A&M University  |b Rellis Campus  |c Joint Library Facility  |d Remote Storage  |t 0  |e HV5247.J3 Y37 2004  |h Library of Congress classification  |i unmediated -- volume  |m A14831344785 
998 f f |a HV5247.J3 Y37 2004  |t 0  |l Remote Storage